[Event "European Cities & Towns Chess Championship - Open/Seniors"]
[Site "Central Europe"]
[Date "2023.01.29"]
[Round "2.6.2"]
[White "Nelis, Jean-Francois"]
[Black "Grebeniuk, Semen"]
[Result "0-1"]
[WhiteElo "2112"]
[BlackElo "2315"]
[BlackCountry "UA"]
[BlackFideId "14117509"]
[BlackTeam "Kyiv region"]
[Termination "time forfeit"]
[WhiteCountry "MC"]
[WhiteFideId "623830"]
[WhiteTeam "Monte-Carlo"]

1. e4 d5 2. exd5 Qxd5 3. Nc3 Qa5 4. d4 Nf6 5. Nf3 Bg4 6. h3 Bh5 7. g4 Bg6 
8. Ne5 e6 9. Nc4 Qa6 10. Bf4 Qc6 11. Rg1 Bb4 12. Bd2 Nbd7 13. Qe2 Bxc3 14.
 Bxc3 Be4 15. Rg3 Bd5 16. f3 O-O-O 17. O-O-O h5 18. g5 h4 19. Na5 Qd6 20. 
Rg1 Nh5 21. Bd2 Ng3 22. Qd3 Nxf1 23. Rgxf1 b6 24. Nb3 Qc6 25. Qc3 Qd6 26. 
f4 g6 27. Kb1 Kb7 28. Qe3 a5 29. a3 Qc6 30. Qc3 Qxc3 31. Bxc3 Rhe8 32. Rf2
Nb8 33. Nc1 Be4 34. Nd3 Bxd3 35. Rxd3 Nc6 36. Rg2 Ne7 37. Be1 Nf5 38. Rgd2
Rd7 39. c3 Red8 40. Kc2 a4 41. Bf2 Rd5 42. c4 R5d7 43. Kc3 Nd6 44. Bxh4 
Ne4+ 45. Kc2 Nxd2 0-1

[Event "European Cities & Towns Chess Championship - Open/Seniors"]
[Site "Central Europe"]
[Date "2023.01.29"]
[Round "2.6.3"]
[White "Paryokha, Serhiy"]
[Black "Van Hoolandt, Patrick"]
[Result "1/2-1/2"]
[WhiteElo "2294"]
[BlackElo "2017"]
[BlackCountry "MC"]
[BlackFideId "200999"]
[BlackTeam "Monte-Carlo"]
[BlackTitle "FM"]
[WhiteCountry "UA"]
[WhiteFideId "14198177"]
[WhiteTeam "Kyiv region"]

1. d4 Nf6 2. Nf3 e6 3. Bg5 h6 4. Bh4 b6 5. Nbd2 Bb7 6. e3 Be7 7. c3 d5 8. 
Ne5 Nfd7 9. Bxe7 Qxe7 10. Nxd7 Nxd7 11. Be2 O-O 12. O-O c5 13. a4 a6 14. 
Qb1 e5 15. dxe5 Nxe5 16. Nf3 d4 17. Qf5 Nxf3+ 18. Bxf3 dxe3 19. Bxb7 exf2+
20. Rxf2 Qxb7 21. a5 Rac8 22. axb6 Qxb6 23. c4 Rc6 24. Raf1 Rf6 25. Qd5 
Rxf2 26. Rxf2 Qb4 27. g3 a5 28. Kg2 a4 29. h4 Qa5 30. h5 Qa8 31. Rd2 Rd8 
32. Qxa8 Rxa8 33. Rd5 Rb8 34. Rxc5 Rxb2+ 35. Kf3 a3 36. Ra5 Rc2 37. Rxa3 
Rxc4 38. g4 Kf8 39. Ra8+ Ke7 40. Ra7+ Kf6 41. Ra5 Rb4 42. Kg3 g6 43. hxg6 
fxg6 44. Ra6+ Kg5 45. Ra5+ Kf6 46. Ra6+ Kg7 47. Ra7+ Kf8 48. Rh7 h5 49. 
gxh5 gxh5 50. Rxh5 Kg7 51. Rf5 Kg6 52. Rf4 Rxf4 53. Kxf4 1/2-1/2

[Event "European Cities & Towns Chess Championship - Open/Seniors"]
[Site "Central Europe"]
[Date "2023.01.29"]
[Round "2.6.4"]
[White "Verdier, Patrice"]
[Black "Kirichenko, Vitaly"]
[Result "1/2-1/2"]
[WhiteElo "1996"]
[BlackElo "2262"]
[BlackCountry "UA"]
[BlackFideId "14103079"]
[BlackTeam "Kyiv region"]
[WhiteCountry "MC"]
[WhiteFideId "606340"]
[WhiteTeam "Monte-Carlo"]
[WhiteTitle "FM"]

1. d4 d5 2. Bf4 e6 3. e3 Nf6 4. Nd2 c5 5. c3 Nc6 6. Ngf3 Nh5 7. Bg5 f6 8. 
Bh4 g6 9. Be2 cxd4 10. exd4 Nf4 11. O-O Bd6 12. Bg3 O-O 13. Re1 Nxe2+ 14. 
Qxe2 Bxg3 15. hxg3 Bd7 16. Rad1 Ne7 17. Nf1 Nf5 18. g4 Nd6 19. N3d2 Re8 
20. Qf3 Bc6 21. Qg3 Kg7 22. f3 Nf7 23. f4 Qd6 24. Nf3 Bb5 25. g5 fxg5 26. 
Nxg5 Nxg5 27. Qxg5 Bxf1 28. Rxf1 Rf8 29. Rde1 Rf5 30. Qg4 Raf8 31. g3 g5 
32. fxg5 Rxf1+ 33. Rxf1 Rxf1+ 34. Kxf1 Qa6+ 35. Kg1 Qxa2 1/2-1/2

[Event "European Cities & Towns Chess Championship - Open/Seniors"]
[Site "Central Europe"]
[Date "2023.01.29"]
[Round "2.7.1"]
[White "Hristodoulou, Panagiotis"]
[Black "Freeland, Alex"]
[Result "1-0"]
[WhiteElo "2372"]
[BlackElo "2016"]
[BlackCountry "GB"]
[BlackFideId "1802062"]
[BlackTeam "Hammersmith - West London"]
[WhiteCountry "GR"]
[WhiteFideId "4214340"]
[WhiteTeam "Heraklion"]
[WhiteTitle "FM"]

1. d4 Nf6 2. Nc3 d5 3. Bf4 e6 4. Nb5 Na6 5. a3 c6 6. Nc3 Bd6 7. e3 O-O 8. 
Nf3 Bxf4 9. exf4 Qb6 10. Bd3 c5 11. dxc5 Nxc5 12. b4 Nxd3+ 13. cxd3 a5 14.
 Rb1 axb4 15. axb4 Bd7 16. O-O Rfc8 17. Qd2 h6 18. Ne2 Bb5 19. Ned4 Ra3 
20. Rb3 Rxb3 21. Nxb3 Nd7 22. Nbd4 Qa6 23. Rc1 Rxc1+ 24. Qxc1 Bxd3 25. 
Qc8+ Nf8 26. h3 Be4 27. b5 Qb6 28. Qe8 Bxf3 29. Nxf3 Qc7 30. g3 Qd7 31. 
Qb8 Qxb5 32. Ne5 g6 33. h4 Kg7 34. Qc7 Qe8 35. Qxb7 Nh7 36. g4 Nf6 37. f3 
h5 38. Kg2 hxg4 39. fxg4 Ng8 40. Kh3 Qe7 41. Qb2 f6 42. Nf3 Qc7 43. Kg3 
Ne7 44. Nd4 Qd7 45. Qe2 Kf7 46. Qc2 Nc8 47. h5 gxh5 48. Qh7+ Ke8 49. Qh8+ 
Ke7 50. Qg7+ Kd8 51. Qxf6+ Ne7 52. Nxe6+ Kc8 53. Qf8+ Kb7 54. Nc5+ 1-0

[Event "European Cities & Towns Chess Championship - Open/Seniors"]
[Site "Central Europe"]
[Date "2023.01.29"]
[Round "2.7.2"]
[White "Brixel, Christof, Dr."]
[Black "Panagiotakos, Nikolaos"]
[Result "0-1"]
[WhiteElo "1952"]
[BlackElo "2122"]
[BlackCountry "GR"]
[BlackFideId "4213246"]
[BlackTeam "Heraklion"]
[WhiteCountry "DE"]
[WhiteFideId "16277040"]
[WhiteTeam "Hammersmith - West London"]

1. d4 Nf6 2. Nc3 d5 3. Bf4 c5 4. e4 Nxe4 5. Nxe4 dxe4 6. dxc5 Qa5+ 7. c3 
Qxc5 8. Qa4+ Nc6 9. Qxe4 g6 10. Nf3 Bg7 11. Qc4 Qxc4 12. Bxc4 O-O 13. O-O 
Bf5 14. Rfe1 Rac8 15. Rad1 e5 16. Be3 e4 17. Nd2 Ne5 18. Be2 Nd3 19. Bxd3 
exd3 20. Bxa7 Ra8 21. Bc5 Rfc8 22. Bd4 Bxd4 23. cxd4 Rxa2 24. Nb3 Rc2 25. 
Nc1 Rxc1 26. Rxc1 d2 27. Re8+ Kg7 28. Rd1 Bc2 29. Rf1 d1=Q 0-1

[Event "European Cities & Towns Chess Championship - Open/Seniors"]
[Site "Central Europe"]
[Date "2023.01.29"]
[Round "2.7.3"]
[White "Klokas, Konstantinos"]
[Black "Kelmendi, Bajrush"]
[Result "0-1"]
[WhiteElo "2069"]
[BlackElo "1942"]
[BlackCountry "GB"]
[BlackFideId "426024"]
[BlackTeam "Hammersmith - West London"]
[WhiteCountry "GR"]
[WhiteFideId "4206932"]
[WhiteTeam "Heraklion"]

1. e4 g6 2. d4 Bg7 3. f4 b6 4. Nf3 Bb7 5. Bd3 e6 6. O-O Ne7 7. c3 d5 8. e5
Nd7 9. Be3 c5 10. Bf2 c4 11. Bc2 b5 12. a4 a6 13. axb5 axb5 14. Rxa8 Bxa8 
15. g4 Qb6 16. Kg2 h5 17. h3 b4 18. Nbd2 Bc6 19. f5 hxg4 20. hxg4 gxf5 21.
 gxf5 exf5 22. Ng5 Nf8 23. Rh1 Rg8 24. Qh5 Neg6 25. Bxf5 Nf4+ 26. Kf3 Nxh5
27. Rxh5 bxc3 28. bxc3 Qb2 29. Nb1 Bd7 30. Bxd7+ Kxd7 31. Rh1 Ne6 0-1

[Event "European Cities & Towns Chess Championship - Open/Seniors"]
[Site "Central Europe"]
[Date "2023.01.29"]
[Round "2.7.4"]
[White "Perchard, Matthew"]
[Black "Fragiadakis, Emanouel"]
[Result "0-1"]
[WhiteElo "1506"]
[BlackElo "1714"]
[BlackCountry "GR"]
[BlackFideId "4204026"]
[BlackTeam "Heraklion"]
[WhiteCountry "GB"]
[WhiteFideId "343404235"]
[WhiteTeam "Hammersmith - West London"]

1. e4 c5 2. Nf3 d6 3. c3 Nf6 4. Be2 Nc6 5. d4 cxd4 6. cxd4 d5 7. e5 Ne4 8.
 O-O Bf5 9. Nbd2 e6 10. Nxe4 Bxe4 11. Nd2 Bg6 12. Nb3 Be7 13. f4 O-O 14. 
Be3 Nb4 15. a3 Nc2 16. Qd2 Nxa1 17. Rxa1 Qb6 18. Nc5 a5 19. Nd7 Qb3 20. 
Nxf8 Bxf8 21. Bd1 Qb5 22. Rc1 h6 23. Be2 Qb3 24. Rc3 Qb6 25. Qc1 Kh7 26. 
a4 Bb4 27. Rc7 Rf8 28. Bb5 Be4 29. Rc8 Rd8 30. Rxd8 Qxd8 31. Bd2 Qh4 32. 
Bxb4 axb4 33. Qd2 Qg4 34. Qf2 Qd1+ 35. Bf1 Qxa4 36. Qd2 b3 37. Kf2 Qa2 38.
 Ke3 Qb1 39. Qe2 Qc1+ 40. Kf2 Qxf4+ 41. Ke1 Bc2 42. Qb5 Qxd4 43. Be2 Qxe5 
44. Kd2 Qxb2 45. Bd3+ Bxd3+ 46. Kxd3 Qc2+ 47. Ke3 b2 48. Qd3+ Qxd3+ 49. 
Kxd3 b1=Q+ 50. Kd4 Qb4+ 51. Kd3 Qc4+ 52. Ke3 Qe4+ 53. Kd2 d4 54. g4 Qe3+ 
55. Kd1 d3 56. h3 Qe2+ 57. Kc1 Qc2# 0-1

[Event "European Cities & Towns Chess Championship - Open/Seniors"]
[Site "Central Europe"]
[Date "2023.01.29"]
[Round "2.8.1"]
[White "Yasin, Hur"]
[Black "Manolache, Marius"]
[Result "0-1"]
[WhiteElo "1872"]
[BlackElo "2454"]
[BlackCountry "RO"]
[BlackFideId "1201530"]
[BlackTeam "CSM Galati"]
[BlackTitle "GM"]
[WhiteCountry "TR"]
[WhiteFideId "6300170"]
[WhiteTeam "Istanbul - Seniors"]
[WhiteTitle "CM"]

1. d4 Nf6 2. Nc3 d6 3. e4 g6 4. Nf3 Bg7 5. h3 O-O 6. Bd3 a6 7. a4 Nc6 8. 
d5 Nb4 9. Be2 c6 10. O-O a5 11. dxc6 bxc6 12. Nd4 Bb7 13. Bf3 Nd7 14. g3 
Bxd4 15. Qxd4 Nxc2 16. Qd1 Nxa1 17. Bh6 Re8 18. Qxa1 Nf6 19. Rd1 Qc7 20. 
Qc1 Rac8 21. g4 Nd7 22. Bg2 Nc5 23. Qe3 e5 24. f4 Ne6 25. f5 Nf4 26. Bxf4 
exf4 27. Qxf4 Re5 28. Qh6 Qe7 29. Rf1 d5 30. Qf4 g5 31. Qd2 f6 32. exd5 
cxd5 33. Bxd5+ Bxd5 34. Nxd5 Qc5+ 0-1

[Event "European Cities & Towns Chess Championship - Open/Seniors"]
[Site "Central Europe"]
[Date "2023.01.29"]
[Round "2.8.2"]
[White "Barbu, Simon-Alexandru"]
[Black "Guner, Bulent"]
[Result "1-0"]
[WhiteElo "2023"]
[BlackElo "1974"]
[BlackCountry "TR"]
[BlackFideId "6300553"]
[BlackTeam "Istanbul - Seniors"]
[Termination "time forfeit"]
[WhiteCountry "RO"]
[WhiteFideId "1257170"]
[WhiteTeam "CSM Galati"]

1. e4 e5 2. Nf3 Nc6 3. d4 exd4 4. Bc4 Bc5 5. O-O d6 6. c3 Bg4 7. Qb3 Bxf3 
8. Bxf7+ Kf8 9. gxf3 Ne5 10. cxd4 Bxd4 11. Bxg8 Rxg8 12. f4 Nf7 13. Be3 
Bxe3 14. Qxe3 g5 15. f5 Ne5 16. Nc3 c6 17. Rad1 Qe7 18. Kh1 Rd8 19. Rg1 g4
20. Qh6+ Ke8 21. h3 Nf7 22. Qh5 Qg5 23. Qxg5 Rxg5 24. Rxg4 h5 25. Rxg5 
Nxg5 26. h4 Nf3 27. Rd3 Ne5 28. Rg3 Kf7 29. Rg5 Rh8 30. Kg2 b5 31. Kg3 b4 
32. Ne2 Nd3 33. b3 a5 34. Kf3 Ne5+ 35. Kf4 Nd3+ 36. Ke3 Ne5 37. Nf4 Ng4+ 
38. Ke2 Nf6 39. f3 a4 40. Ne6 Ne8 41. Ke3 axb3 42. axb3 Kf6 43. Rg6+ Ke7 
44. Ng5 1-0

[Event "European Cities & Towns Chess Championship - Open/Seniors"]
[Site "Central Europe"]
[Date "2023.01.29"]
[Round "2.8.3"]
[White "Sezgun, Yakup"]
[Black "Tudoroiu, Razvan-Catalin"]
[Result "1-0"]
[WhiteElo "1739"]
[BlackElo "1923"]
[BlackCountry "RO"]
[BlackFideId "1281100"]
[BlackTeam "CSM Galati"]
[WhiteCountry "TR"]
[WhiteFideId "6338496"]
[WhiteTeam "Istanbul - Seniors"]

1. Nf3 Nf6 2. g3 g6 3. Bg2 Bg7 4. O-O d6 5. d4 O-O 6. c4 Nbd7 7. Nc3 e5 8.
 e4 Re8 9. Re1 exd4 10. Nxd4 Nc5 11. b3 a5 12. Bb2 Ng4 13. Nd5 Ne5 14. Bc3
c6 15. Nf4 Rb8 16. Qc2 Qc7 17. Nf3 f5 18. Nxe5 dxe5 19. Nd3 Nxe4 20. Bxe4 
fxe4 21. Rxe4 Bf5 22. Re3 Rbd8 23. Qe2 Bxd3 24. Rxd3 Rxd3 25. Qxd3 Qf7 26.
 Re1 e4 27. Qe3 Bxc3 28. Qxc3 Qe6 29. Kg2 Qf5 30. Qe3 Re7 31. Rd1 b5 32. 
cxb5 cxb5 33. Rd8+ Kg7 34. Qd4+ Qf6 35. Rg8+ Kf7 36. Rf8+ 1-0

[Event "European Cities & Towns Chess Championship - Open/Seniors"]
[Site "Central Europe"]
[Date "2023.01.29"]
[Round "2.8.4"]
[White "Jugaru, Lucian"]
[Black "Ozveren, Ali Bulent"]
[Result "1-0"]
[WhiteElo "1839"]
[BlackElo "1718"]
[BlackCountry "TR"]
[BlackFideId "6303188"]
[BlackTeam "Istanbul - Seniors"]
[WhiteCountry "RO"]
[WhiteFideId "1220497"]
[WhiteTeam "CSM Galati"]

1. e4 c5 2. Nc3 Nc6 3. g3 g6 4. Bg2 Bg7 5. f4 e6 6. Nf3 Nge7 7. O-O d5 8. 
e5 O-O 9. Ne2 d4 10. d3 b6 11. g4 Bb7 12. Ng3 Nd5 13. Qe2 Qc7 14. h4 Rae8 
15. h5 f6 16. hxg6 hxg6 17. Nh4 fxe5 18. Nxg6 Rxf4 19. Bxf4 Nxf4 20. Nxf4 
exf4 21. Nh5 Be5 22. Qe4 Rf8 23. Qg6+ Bg7 24. Be4 Rf7 25. Qxe6 Nd8 26. 
Qe8+ Rf8 27. Qg6 Bxe4 28. dxe4 f3 29. g5 Rf7 30. Rf2 Nc6 31. Nf6+ Kf8 32. 
Nh7+ Kg8 33. Nf6+ Kf8 34. Nd5 Qg3+ 35. Kf1 Qh3+ 36. Ke1 Qh1+ 37. Kd2 Qxa1 
38. Qxc6 Kg8 39. Qe8+ Bf8 40. Rxf3 Rxf3 41. Ne7+ Kh8 42. Qh5+ Kg7 43. Qg6+
Kh8 44. Qg8# 1-0

[Event "European Cities & Towns Chess Championship - Open/Seniors"]
[Site "Central Europe"]
[Date "2023.01.29"]
[Round "2.9.1"]
[White "Nastase, Robert-Paul"]
[Black "Rama, Lorenc"]
[Result "1/2-1/2"]
[WhiteElo "2229"]
[BlackElo "2125"]
[BlackCountry "AL"]
[BlackFideId "4700171"]
[BlackTeam "TEUTA - Durres Albania"]
[BlackTitle "FM"]
[WhiteCountry "RO"]
[WhiteFideId "1221175"]
[WhiteTeam "SNAGOV"]
[WhiteTitle "FM"]

1. e4 e5 2. Nf3 Nc6 3. d4 exd4 4. Nxd4 Bc5 5. Nb3 Bb6 6. Nc3 Qf6 7. Qe2 
Nge7 8. Be3 O-O 9. O-O-O Bxe3+ 10. Qxe3 a5 11. a4 Nb4 12. g4 d6 13. g5 Qe6
14. h4 c6 15. Bh3 Qg6 16. h5 Qxh5 17. Bxc8 Qg6 18. Bg4 f5 19. gxf6 Qxf6 
20. Qh3 h6 21. Be6+ Kh8 22. Rxd6 Qxf2 23. Rd2 Qf4 24. Kb1 b5 25. Rd7 bxa4 
26. Rxe7 axb3 27. Bxb3 a4 28. Nxa4 Rad8 29. e5 Rd2 30. Nc3 Rh2 31. Qxh2 
Qxh2 32. Rc1 Rb8 33. e6 Qe5 34. Rd7 Kh7 35. Rg1 Nd5 36. Nxd5 cxd5 37. Ka2 
d4 38. Rd1 Ra8+ 39. Kb1 Qa5 40. Kc1 Qa1+ 41. Kd2 Qxb2 42. Rc7 Re8 43. Rg1 
Rg8 44. Kd3 Qa3 45. e7 Re8 46. Re1 Qd6 47. Ra7 Qb6 48. Rea1 Qb5+ 49. Bc4 
Qc5 50. R1a5 Qd6 51. R5a6 Qg3+ 52. Kxd4 Qh4+ 53. Kc3 Rxe7 54. Bd3+ g6 55. 
Rxg6 Qe1+ 56. Kc4 Kh8 57. Rxh6+ Kg8 58. Rg6+ Kf8 59. Ra8+ Re8 60. Rxe8+ 
Qxe8 61. Rb6 Qh5 62. Rb5 Qg4+ 63. Kb3 Ke7 64. c4 Kd6 65. Rd5+ Kc6 66. Kb4 
Qd1 67. Kc3 Qa1+ 68. Kd2 Qb2+ 69. Bc2 Qb4+ 70. Kd3 Qe7 71. Ba4+ Kb6 72. 
Rb5+ Ka6 73. Bb3 Qh7+ 74. Kc3 Qe7 75. Bc2 Qe3+ 76. Bd3 Ka7 77. c5 Qc1+ 78.
 Kd4 Qa1+ 79. Kd5 Qh1+ 80. Kc4 Qh4+ 81. Kc3 Qf6+ 82. Kb3 Qe6+ 83. Bc4 Qe3+
84. Kb4 Qd2+ 85. Kb3 Qe3+ 86. Kc2 Qe4+ 87. Bd3 Qa4+ 88. Kd2 Qf4+ 89. Kc3 
Qe5+ 90. Kb4 Qd4+ 91. Bc4 Qb2+ 92. Bb3 Qd4+ 93. Ka3 Qa1+ 94. Kb4 Qd4+ 95. 
Ka5 Qc3+ 96. Ka4 Qd4+ 97. Ka3 Qa1+ 98. Kb4 Qd4+ 1/2-1/2

[Event "European Cities & Towns Chess Championship - Open/Seniors"]
[Site "Central Europe"]
[Date "2023.01.29"]
[Round "2.9.2"]
[White "Ramaj, Ergit"]
[Black "Dobronauteanu, Ion-Serban"]
[Result "1-0"]
[WhiteElo "1861"]
[BlackElo "2189"]
[BlackCountry "RO"]
[BlackFideId "1204084"]
[BlackTeam "SNAGOV"]
[WhiteCountry "AL"]
[WhiteFideId "4703669"]
[WhiteTeam "TEUTA - Durres Albania"]

1. e4 c5 2. Nf3 d6 3. Bb5+ Bd7 4. Bxd7+ Qxd7 5. c4 Nc6 6. Nc3 e5 7. d3 Be7
8. O-O f5 9. Nd5 O-O-O 10. exf5 Qxf5 11. b4 Nf6 12. Qa4 Nxd5 13. cxd5 Nxb4
14. Qxa7 Qxd3 15. Bg5 Bxg5 16. Nxg5 Qxd5 17. Rfd1 Nd3 18. Rab1 e4 19. Qa8+
Kd7 20. Rxb7+ 1-0

[Event "European Cities & Towns Chess Championship - Open/Seniors"]
[Site "Central Europe"]
[Date "2023.01.29"]
[Round "2.9.3"]
[White "Nastase, Andreea-Cristina"]
[Black "Caushi, Alket"]
[Result "1-0"]
[WhiteElo "2046"]
[BlackElo "1768"]
[BlackCountry "AL"]
[BlackFideId "4701801"]
[BlackTeam "TEUTA - Durres Albania"]
[Termination "time forfeit"]
[WhiteCountry "RO"]
[WhiteFideId "1221183"]
[WhiteTeam "SNAGOV"]
[WhiteTitle "WFM"]

1. d4 Nf6 2. c4 e5 3. dxe5 Ne4 4. Nf3 Nc6 5. Nbd2 Bb4 6. a3 Bxd2+ 7. Bxd2 
Qe7 8. Bf4 O-O 9. Qc2 Nc5 10. e3 a5 11. Ng5 g6 12. Nf3 Kg7 13. Be2 a4 14. 
h4 h5 15. Bg5 Qe6 16. Bf6+ Kg8 17. Ng5 Qf5 18. Qxf5 gxf5 19. O-O d6 20. 
exd6 cxd6 21. Bxh5 Be6 22. Be2 Nd7 23. Bc3 Nb6 24. Nxe6 fxe6 25. Kh2 Kf7 
26. Bd3 Rac8 27. Rac1 Ke7 28. Bg7 Rg8 29. Bh6 Ne5 30. Bg5+ Kd7 31. Rfd1 
Nbxc4 32. Bxc4 Nxc4 33. Bf6 e5 34. Kh3 Ke6 35. Bg5 Nxb2 36. Rxc8 Rxc8 37. 
Rb1 Rc2 38. Kg3 Nd3 39. f3 Nc5 40. h5 Kf7 41. Rd1 Ke6 42. h6 Nb3 43. Rh1 
Rc8 44. h7 Rh8 45. Rh6+ Kf7 46. Bf6 1-0

[Event "European Cities & Towns Chess Championship - Open/Seniors"]
[Site "Central Europe"]
[Date "2023.01.29"]
[Round "2.9.4"]
[White "Kote, Aleks"]
[Black "Rata, Anamaria"]
[Result "1-0"]
[WhiteElo "1503"]
[BlackElo "1664"]
[BlackCountry "RO"]
[BlackFideId "1245350"]
[BlackTeam "SNAGOV"]
[Termination "time forfeit"]
[WhiteCountry "AL"]
[WhiteFideId "4702778"]
[WhiteTeam "TEUTA - Durres Albania"]

1. e4 c5 2. Nf3 d6 3. d4 cxd4 4. Nxd4 Nf6 5. Nc3 a6 6. Be3 e6 7. Be2 b5 8.
 a3 Bb7 9. Bf3 Qc7 10. O-O Nbd7 11. Nb3 Ne5 12. Re1 Be7 13. Qd2 Nxf3+ 14. 
gxf3 O-O 15. Kh1 Nd7 16. Rg1 Ne5 17. Bh6 Bf6 18. Qe3 Kh8 19. Bg5 Qe7 20. 
h4 Rac8 21. Nd2 Nc4 22. Nxc4 Rxc4 23. Rg3 Bxg5 24. hxg5 Rc5 25. f4 f6 26. 
Rag1 fxg5 27. Rxg5 Rxg5 28. Rxg5 Qf6 29. Rg4 h6 30. f3 Qf7 31. Ne2 Qh5+ 
32. Kg2 Rc8 33. Ng3 Qf7 34. c3 Rf8 35. Qd3 Bc8 36. Qxd6 e5 37. f5 1-0

[Event "European Cities & Towns Chess Championship - Open/Seniors"]
[Site "Central Europe"]
[Date "2023.01.29"]
[Round "2.10.1"]
[White "Melikhov, Evgeny V."]
[Black "Guerrero Vargas, Andres Jesus"]
[Result "1/2-1/2"]
[WhiteElo "2269"]
[BlackElo "2336"]
[BlackCountry "VE"]
[BlackFideId "3902048"]
[BlackTeam "Collado Villalba - Madrid"]
[BlackTitle "FM"]
[WhiteCountry "RU"]
[WhiteFideId "4122046"]
[WhiteTeam "Ioannina"]
[WhiteTitle "FM"]

1. d4 Nf6 2. c4 e5 3. dxe5 Ng4 4. Bf4 g5 5. Bg3 Bg7 6. Nf3 Nc6 7. Nc3 
Ngxe5 8. Nxe5 Nxe5 9. e3 d6 10. h4 h6 11. hxg5 hxg5 12. Rxh8+ Bxh8 13. Qh5
Ng6 14. Bd3 Bxc3+ 15. bxc3 Qf6 16. Kd2 Bd7 17. Qf3 Qxf3 18. gxf3 O-O-O 19.
 Rh1 Rh8 20. Rxh8+ Nxh8 21. f4 g4 22. e4 Ng6 23. f5 Ne7 24. Be2 Nc6 25. 
Bxg4 Na5 26. Kd3 b5 27. cxb5 Bxb5+ 28. Kc2 Bc4 29. a3 Bb3+ 30. Kb2 Bc4 31.
 f4 Bd3 32. e5 Nc4+ 33. Kb3 Ne3 34. Bh5 Bc4+ 35. Kb2 Nxf5 36. Bf2 Kb7 37. 
a4 Ne7 38. exd6 cxd6 39. Bf3+ d5 40. Bd4 Nc8 41. Ka3 a5 42. Bf6 Kc7 43. 
Bh5 d4 44. Bxd4 Kc6 45. Kb2 Bd5 46. Be2 Nd6 47. Bd3 Nc4+ 48. Bxc4 Bxc4 49.
 f5 1/2-1/2

[Event "European Cities & Towns Chess Championship - Open/Seniors"]
[Site "Central Europe"]
[Date "2023.01.29"]
[Round "2.10.2"]
[White "Sanchez Gonzalez, Sergio"]
[Black "Tepelenis, Nikolaos"]
[Result "1/2-1/2"]
[WhiteElo "2288"]
[BlackElo "2096"]
[BlackCountry "GR"]
[BlackFideId "4207599"]
[BlackTeam "Ioannina"]
[WhiteCountry "ES"]
[WhiteFideId "2273020"]
[WhiteTeam "Collado Villalba - Madrid"]
[WhiteTitle "FM"]

1. e4 e6 2. d4 d5 3. Bd3 dxe4 4. Bxe4 Nf6 5. Bf3 c5 6. Ne2 Nc6 7. Be3 e5 
8. Bxc6+ bxc6 9. dxe5 Qxd1+ 10. Kxd1 Ng4 11. Nd2 Nxe5 12. h3 Ba6 13. Re1 
O-O-O 14. Kc1 Be7 15. Ne4 Rhe8 16. N2g3 g6 17. Bxc5 f5 18. Bxe7 Rxe7 19. 
f4 fxe4 20. fxe5 Rxe5 21. Rxe4 Rg5 22. Re3 h5 23. h4 Rg4 24. b3 Rxh4 25. 
Kb2 Rg4 26. Rg1 Kc7 27. Kc3 h4 28. Ne2 Bxe2 29. Rxe2 Rd5 30. Rh1 g5 31. 
Rf1 Rg3+ 32. Kb2 Kb6 33. Rf8 g4 34. Rh8 Rf5 35. Rxh4 Rf1 36. Re4 Rg1 37. 
Rhxg4 R1xg2 38. Rxg3 Rxg3 39. a3 a5 40. Re5 Rh3 41. Rg5 Rf3 42. Kc1 Rh3 
43. Kd2 a4 44. Rg4 axb3 45. Rb4+ Kc7 46. Rxb3 Rh1 47. Kc3 Rh2 48. a4 Rh1 
49. Kb4 Rh5 50. c4 Kb6 51. Rg3 c5+ 52. Kb3 Ka5 53. Rd3 Rg5 54. Rd5 Rg3+ 
55. Kc2 Kxa4 56. Rxc5 Kb4 57. Rc8 Rc3+ 58. Kd2 Rxc4 59. Rxc4+ Kxc4 1/2-1/2

[Event "European Cities & Towns Chess Championship - Open/Seniors"]
[Site "Central Europe"]
[Date "2023.01.29"]
[Round "2.10.3"]
[White "Basios, Athanasios"]
[Black "Perdomo Araujo, Angel Eduardo"]
[Result "0-1"]
[WhiteElo "1860"]
[BlackElo "2071"]
[BlackCountry "VE"]
[BlackFideId "3902528"]
[BlackTeam "Collado Villalba - Madrid"]
[WhiteCountry "GR"]
[WhiteFideId "4215494"]
[WhiteTeam "Ioannina"]

1. e4 d5 2. exd5 Qxd5 3. Nc3 Qd6 4. d4 Nf6 5. Nf3 c6 6. g3 Bg4 7. Bg2 g6 
8. Bf4 Qd8 9. h3 Bxf3 10. Bxf3 Bg7 11. O-O O-O 12. Re1 Nd5 13. Bd2 Nxc3 
14. Bxc3 e6 15. b3 Nd7 16. Bb2 Nf6 17. c4 Qd7 18. Qc2 Rfe8 19. Rad1 Rad8 
20. a4 Qc8 21. Kg2 b6 22. Bc3 Nd7 23. b4 c5 24. dxc5 bxc5 25. Bxg7 Kxg7 
26. b5 Kg8 27. a5 Qc7 28. Qc3 Nb8 29. h4 h5 30. Re3 Rxd1 31. Bxd1 Rd8 32. 
Bf3 Rd4 33. Re4 e5 34. Re1 Nd7 35. Rb1 e4 36. Be2 Qd6 37. Rb2 Kh7 38. Qb3 
Rd2 39. b6 Rxb2 40. Qxb2 axb6 41. a6 Qc6 42. Qa3 Ne5 43. a7 Qa8 44. Kg1 
Nc6 45. Qb3 Qxa7 46. Qb5 Nd4 0-1

[Event "European Cities & Towns Chess Championship - Open/Seniors"]
[Site "Central Europe"]
[Date "2023.01.29"]
[Round "2.10.4"]
[White "Alvarez Guerrero, Dylan"]
[Black "Notsikas, Georgios"]
[Result "0-1"]
[WhiteElo "1162"]
[BlackElo "1000"]
[BlackCountry "GR"]
[BlackFideId "42140587"]
[BlackTeam "Ioannina"]
[WhiteCountry "ES"]
[WhiteFideId "94728089"]
[WhiteTeam "Collado Villalba - Madrid"]

1. d4 d5 2. Nf3 Nf6 3. g3 c6 4. Bg2 Bg4 5. Nbd2 Nbd7 6. O-O e6 7. c4 Bd6 
8. h3 Bh5 9. Nh2 O-O 10. f4 Bg6 11. Qb3 c5 12. cxd5 cxd4 13. dxe6 fxe6 14.
 Qxe6+ Bf7 15. Qxd6 Re8 16. Qxd4 Rxe2 17. Kh1 Qc7 18. Qd3 Rae8 19. Nhf3 
Nh5 20. Ng5 Bg6 21. Qc4+ Qxc4 22. Nxc4 Nxg3+ 23. Kg1 Nxf1 24. Kxf1 Re1+ 
25. Kf2 R8e2+ 26. Kg3 Rg1 27. Ne3 h6 28. Kf3 Bh5+ 29. Kg3 hxg5 30. fxg5 
Rxe3+ 31. Bxe3 Rxa1 32. Kh4 Bf7 33. a3 b6 34. Bd4 Nc5 35. Bc6 Rd1 36. Bc3 
Rd6 37. Bh1 Bd5 38. Bxd5+ Rxd5 39. Kh5 Ne4 40. Bb4 Rxg5+ 41. Kh4 Rg2 42. 
b3 Nf6 43. a4 g5# 0-1

[Event "European Cities & Towns Chess Championship - Open/Seniors"]
[Site "Central Europe"]
[Date "2023.01.29"]
[Round "2.11.1"]
[White "Kabo, Melsed"]
[Black "Kumar, Sanjit S"]
[Result "1-0"]
[WhiteElo "2195"]
[BlackElo "1968"]
[BlackCountry "GB"]
[BlackFideId "468142"]
[BlackTeam "London Juniors"]
[WhiteCountry "AL"]
[WhiteFideId "4702271"]
[WhiteTeam "Butrinti"]

1. d4 d5 2. Nf3 Nf6 3. c3 c5 4. e3 Nc6 5. Bb5 Bg4 6. dxc5 e5 7. Bxc6+ bxc6
8. Qa4 e4 9. Ne5 Bd7 10. b4 Qc7 11. Nxd7 Nxd7 12. Bb2 Ne5 13. O-O Qd7 14. 
h3 Be7 15. Nd2 O-O 16. Qc2 Qf5 17. f3 Qg6 18. fxe4 Bg5 19. Rae1 dxe4 20. 
Qxe4 Qxe4 21. Nxe4 Bh6 22. Nd6 Nd3 23. Re2 Nxb2 24. Rxb2 Bxe3+ 25. Kh1 a5 
26. Nc4 Bg5 27. Nb6 Bf6 28. Nxa8 Rxa8 29. Rc2 1-0